Introduction to magnetism and magnetic materials (Record no. 959)

000 -LEADER
fixed length control field 00509nam a22002057a 4500
001 - CONTROL NUMBER
control field 959
003 - CONTROL NUMBER IDENTIFIER
control field BD-DhUET
008 - FIXED-LENGTH DATA ELEMENTS--GENERAL INFORMATION
fixed length control field 0
020 ## - INTERNATIONAL STANDARD BOOK NUMBER
International Standard Book Number 9780412798603
040 ## - CATALOGING SOURCE
Transcribing agency 0
Modifying agency BD-DhUET
082 ## - DEWEY DECIMAL CLASSIFICATION NUMBER
Edition number 2nd ed.
Classification number 538
Item number JIL/1998
100 ## - MAIN ENTRY--PERSONAL NAME
Personal name Jiles, David
245 ## - TITLE STATEMENT
Title Introduction to magnetism and magnetic materials
Statement of responsibility, etc. by David Jiles
260 ## - PUBLICATION, DISTRIBUTION, ETC. (IMPRINT)
Place of publication, distribution, etc. Boca Raton:
Name of publisher, distributor, etc. Taylor and Francis
Date of publication, distribution, etc. 1998
300 ## - PHYSICAL DESCRIPTION
Extent xxi,536p.
504 ## - BIBLIOGRAPHY, ETC. NOTE
Bibliography, etc Includes bibliographies
650 #0 - SUBJECT ADDED ENTRY--TOPICAL TERM
Topical term or geographic name as entry element Magnetism
650 #0 - SUBJECT ADDED ENTRY--TOPICAL TERM
Topical term or geographic name as entry element Magnetic materials
942 ## - ADDED ENTRY ELEMENTS (KOHA)
Koha item type General Book
Holdings
Price effective from Piece designation (barcode) Koha item type Location (home branch) Koha date last borrowed Koha full call number Withdrawn status Source of classification or shelving scheme Sublocation or collection (holding branch) Koha date last seen Koha issues (times borrowed) Copy number Lost status Shelving location Koha normalized classification for sorting Date acquired Not for loan Damaged status
2014-08-26110382General BookCentral Library, BUET2019-09-23538 JIL/1998  Central Library, BUET2025-04-2212 Circulation section538_000000000000000_JIL19982014-08-26  
2014-10-29110381General BookCentral Library, BUET2024-06-02538/JIL/1998  Central Library, BUET2024-09-0131 Circulation section538JIL19982014-10-29